书目信息 |
| 题名: |
轻骨料混凝土结构设计规程 JGJ 12-99
|
|
| 作者: | 中国建筑科学研究所 主编 | |
| 分册: | ||
| 出版信息: | 北京 中国建筑工业出版社 1999.09 |
|
| 页数: | 164页 | |
| 开本: | 32开 | |
| 丛书名: | ||
| 单 册: | ||
| 中图分类: | TU370.4-65 | |
| 科图分类: | ||
| 主题词: | 混凝土结构 , 钢筋混凝土结构 | |
| 电子资源: | ||
| ISBN: | ||
| 000 | 00685nam0 2200205 45 | |
| 001 | 0009171671 | |
| 005 | 20000917160231.6 | |
| 010 | @d22.00元 | |
| 100 | @a20000917d1999 km y0chiy0120 ea | |
| 101 | 0 | @achi |
| 105 | @a z 000yy | |
| 200 | 1 | @a轻骨料混凝土结构设计规程 JGJ 12-99@AQing Gu Liao Hun Ning Tu Jie Gou She Ji Gui Cheng JGJ 12-99@f中国建筑科学研究所主编@FZhong Guo Jian Zhu Ke Xue Yan Jiu Suo Zhu Bian |
| 210 | @a北京@c中国建筑工业出版社@d1999.09 | |
| 215 | @a164页@d32开 | |
| 606 | 0 | @a混凝土结构 |
| 606 | 0 | @a钢筋混凝土结构 |
| 690 | @aTU370.4-65@v3 | |
| 701 | 0 | @a中国建筑科学研究所@4主编 |
| 801 | @aCN@bPftUser@c20000917 | |
| 905 | @b146513-517@dTU370.4-65@eZH:345@f5 | |
| 轻骨料混凝土结构设计规程 JGJ 12-99/中国建筑科学研究所主编.-北京:中国建筑工业出版社,1999.09 |
| 164页;32开 |
| ISBN :22.00元 |
| ● |
| 相关链接 |
|
|
|
正题名:轻骨料混凝土结构设计规程JGJ 12-99
索取号:TU370.4-65/ZH:345
 
预约/预借
| 序号 | 登录号 | 条形码 | 馆藏地/架位号 | 状态 | 备注 |
| 1 | 146513 | 201465137 | 土木与交通工程学院资料室/土木与交通学院资料室 1排1列1层/ [索取号:TU370.4-65/ZH:345] | 在馆 | |
| 2 | 146514 | 201465146 | 建筑库101/404自科库 25排6列5层/ [索取号:TU370.4-65/ZH:345] | 在馆 | |
| 3 | 146515 | 201465155 | 建筑库101/404自科库 25排6列5层/ [索取号:TU370.4-65/ZH:345] | 在馆 | |
| 4 | 146516 | 201465164 | 土木与交通工程学院资料室/土木与交通学院资料室 1排1列1层/ [索取号:TU370.4-65/ZH:345] | 在馆 | |
| 5 | 146517 | 201465173 | 建筑库101/404自科库 25排6列5层/ [索取号:TU370.4-65/ZH:345] | 在馆 |